[Event "Arctic Chess Challenge"]
[Site "Tromsoe"]
[Date "2009.08.05"]
[Round "5"]
[White "Smith, Brian"]
[Black "Gabaldon Gomez, Miguel Angel"]
[Result "0-1"]
[WhiteElo "1774"]
[BlackElo "2186"]
[PlyCount "22"]
[EventDate "2009.08.01"]
[EventType "swiss"]
[EventRounds "9"]
[EventCountry "NOR"]
[SourceTitle "CBM 131 Extra"]
[Source "ChessBase"]
[SourceDate "2009.09.03"]
[SourceVersion "2"]
[SourceVersionDate "2009.09.16"]
[SourceQuality "1"]

1. d4 d6 2. e4 g6 3. Be3 Bg7 4. Bd3 Nc6 5. c3 e5 6. d5 Nce7 7. g4 Bd7 8. f4 exf4 9. Bxf4 Nf6 10. h3 0-0 11. Ne2 c6 0-1

[Event "Cantabria-chT Honor"]
[Site "Cantabria"]
[Date "2008.12.13"]
[Round "5"]
[White "Cacho Reigadas, Sergio"]
[Black "Gabaldon Gomez, Miguel Angel"]
[Result "1-0"]
[WhiteElo "2468"]
[BlackElo "2206"]
[PlyCount "31"]
[EventDate "2008.11.08"]
[EventType "swiss"]
[EventCountry "ESP"]
[SourceTitle "EXT 2024"]
[Source "ChessBase"]
[SourceDate "2023.10.10"]
[SourceVersion "1"]
[SourceVersionDate "2023.10.10"]
[SourceQuality "1"]

1. d4 d5 2. c4 dxc4 3. Nf3 Nf6 4. e3 a6 5. Bxc4 e6 6. a3 b5 7. Ba2 Bb7 8. Nc3 c5 9. 0-0 Nbd7 10. Qe2 Qb6 11. Rd1 Be7 12. e4 cxd4 13. Nxd4 Nc5 14. Be3 b4 15. Na4 Nxa4 16. Nxe6 1-0

[Event "Crete Summer Cup 2nd"]
[Site "Agios Nikolaos"]
[Date "2007.07.28"]
[Round "8"]
[White "Gabaldon Gomez, Miguel Angel"]
[Black "Karlovich, Anastazia"]
[Result "0-1"]
[WhiteElo "2199"]
[BlackElo "2207"]
[PlyCount "88"]
[EventDate "2007.07.21"]
[EventType "swiss"]
[EventRounds "9"]
[EventCountry "GRE"]
[SourceTitle "CBM 119 Extra"]
[Source "ChessBase"]
[SourceDate "2007.09.04"]
[SourceVersion "1"]
[SourceVersionDate "2007.09.04"]
[SourceQuality "1"]

1. Nf3 Nf6 2. c4 e6 3. d4 b6 4. a3 Bb7 5. Nc3 c5 6. d5 exd5 7. cxd5 d6 8. Bf4 b5 9. e4 a6 10. Be2 Nbd7 11. Nd2 Be7 12. 0-0 0-0 13. Qc2 Nb6 14. a4 b4 15. Nd1 a5 16. Ne3 Ne8 17. Bb5 Nc7 18. Ndc4 Nxc4 19. Bxc4 Bg5 20. Bxg5 Qxg5 21. f4 Qf6 22. Rad1 Rad8 23. g4 h6 24. Qf2 Rfe8 25. Bd3 Ba6 26. g5 hxg5 27. Ng4 Qd4 28. Bxa6 Qxf2+ 29. Nxf2 Nxa6 30. fxg5 b3 31. Rc1 Rb8 32. Rc4 Nb4 33. h4 Nc2 34. Ng4 Rb4 35. Rxb4 axb4 36. Rf4 c4 37. e5 c3 38. Rf1 dxe5 39. bxc3 bxc3 40. Nf2 Ne3 41. Re1 b2 42. Nd3 Nxd5 43. a5 Ra8 44. Nxe5 c2 0-1

[Event "Calvia U2300 opB"]
[Site "Mallorca"]
[Date "2004.10.25"]
[Round "5"]
[White "Sebe Vodislav, Florian George"]
[Black "Gabaldon Gomez, Miguel Angel"]
[Result "1-0"]
[WhiteElo "2278"]
[BlackElo "2231"]
[PlyCount "101"]
[EventDate "2004.10.22"]
[EventType "swiss"]
[EventRounds "9"]
[EventCountry "ESP"]
[SourceTitle "EXT 2005"]
[Source "ChessBase"]
[SourceDate "2004.11.15"]
[SourceVersion "1"]
[SourceVersionDate "2004.11.15"]
[SourceQuality "1"]

1. Nf3 Nf6 2. g3 g6 3. Bg2 Bg7 4. 0-0 0-0 5. d3 d6 6. e4 e5 7. Nc3 h6 8. h4 c6 9. a4 a5 10. d4 Qe7 11. Be3 Na6 12. Nd2 Be6 13. d5 Bd7 14. Nc4 Nb4 15. Bb6 cxd5 16. exd5 Rfc8 17. Na3 Be8 18. Be3 Nd7 19. Ncb5 Nc5 20. c3 Nbd3 21. Bxc5 Nxc5 22. Nc4 Ra6 23. Re1 Nd7 24. Qe2 Rc5 25. b4 axb4 26. cxb4 Rc8 27. Na5 Nb8 28. Rac1 Qd7 29. Qd2 Rxc1 30. Rxc1 Rxa5 31. bxa5 Na6 32. Qc2 Nc5 33. Nxd6 Bf8 34. Qxc5 Bxd6 35. Qc8 Kg7 36. Qxd7 Bxd7 37. Rb1 Bc8 38. Rb6 Bc7 39. d6 Bxb6 40. axb6 Kf6 41. Bd5 e4 42. d7 Bxd7 43. Bxb7 Ke5 44. a5 Kd6 45. a6 Bc6 46. Bxc6 Kxc6 47. a7 Kb7 48. g4 f5 49. gxf5 gxf5 50. f3 e3 51. f4 1-0

[Event "Calvia U2300 opB"]
[Site "Mallorca"]
[Date "2004.10.23"]
[Round "3"]
[White "Valls Casas, Jordi"]
[Black "Gabaldon Gomez, Miguel Angel"]
[Result "0-1"]
[WhiteElo "2041"]
[BlackElo "2231"]
[PlyCount "66"]
[EventDate "2004.10.22"]
[EventType "swiss"]
[EventRounds "9"]
[EventCountry "ESP"]
[SourceTitle "EXT 2005"]
[Source "ChessBase"]
[SourceDate "2004.11.15"]
[SourceVersion "1"]
[SourceVersionDate "2004.11.15"]
[SourceQuality "1"]

1. d4 d6 2. c4 e5 3. e3 exd4 4. exd4 g6 5. Bd3 Bg7 6. Ne2 Nc6 7. Be3 Nge7 8. h4 h5 9. Nd2 0-0 10. Nf3 Bg4 11. Qd2 Qd7 12. d5 Bxf3 13. dxc6 Bxc6 14. f3 Nf5 15. Bxf5 Qxf5 16. 0-0-0 Rfe8 17. Nd4 Qc5 18. g4 Qxc4+ 19. Kb1 Bxf3 20. gxh5 Bxh1 21. Rxh1 c5 22. hxg6 fxg6 23. Nc2 Qe4 24. Re1 Qe5 25. Na3 Re6 26. Bf2 Qf5+ 27. Ka1 Rae8 28. Rxe6 Qxe6 29. h5 gxh5 30. Nb5 Qe2 31. Qd5+ Kh8 32. Nc3 Bxc3 33. bxc3 Qf1+ 0-1

[Event "Benidorm Bali op-A"]
[Site "Benidorm"]
[Date "2003.11.24"]
[Round "4"]
[White "Gabaldon Gomez, Miguel Angel"]
[Black "Manea, Alexandru"]
[Result "0-1"]
[WhiteElo "2186"]
[BlackElo "2265"]
[PlyCount "121"]
[EventDate "2003.11.21"]
[EventType "swiss"]
[EventRounds "9"]
[EventCountry "ESP"]
[SourceTitle "CBM 097 Extra"]
[Source "ChessBase"]
[SourceDate "2004.01.13"]
[SourceVersion "1"]
[SourceVersionDate "2004.01.13"]
[SourceQuality "1"]

1. d4 d5 2. Nf3 c6 3. c4 Nf6 4. Nc3 dxc4 5. a4 Bf5 6. Ne5 Nbd7 7. Nxc4 Nd5 8. e3 Qc7 9. Be2 e6 10. 0-0 Be7 11. Bd2 0-0 12. Rc1 Rac8 13. Qb3 N7f6 14. a5 Qb8 15. Ne5 Bd6 16. f4 Nxc3 17. Bxc3 Be4 18. Bb4 Bxb4 19. Qxb4 Nd5 20. Qa3 Rcd8 21. a6 f6 22. Nc4 Rf7 23. Na5 Qc7 24. Nxb7 Rb8 25. Nd6 Rxb2 26. Rf2 Ra2 27. Qc5 Bg6 28. e4 Nxf4 29. Rxf4 Rxe2 30. Qxc6 Qxc6 31. Rxc6 Rf8 32. Kf1 Ra2 33. Rf2 Ra1+ 34. Ke2 Rb8 35. Ke3 Ra3+ 36. Kf4 h6 37. Nb7 Be8 38. Rxe6 Bd7 39. Nc5 Bxe6 40. Nxe6 Rxa6 41. d5 Kf7 42. Rc2 Rxe6 43. dxe6+ Kxe6 44. Rc6+ Kd7 45. Ra6 Rb7 46. h4 Kc8 47. Kf5 Re7 48. g4 Kb7 49. Ra1 Re5+ 50. Kf4 a5 51. Rd1 Kc6 52. Rd8 Re7 53. Ra8 Kb5 54. Rb8+ Kc4 55. Ra8 Kb4 56. Rb8+ Ka3 57. Ke3 a4 58. Kd4 Ka2 59. Rb4 a3 60. g5 hxg5 61. hxg5 0-1

[Event "Benidorm Bali op-A"]
[Site "Benidorm"]
[Date "2003.11.24"]
[Round "5"]
[White "Sarto Ramos, Angel"]
[Black "Gabaldon Gomez, Miguel Angel"]
[Result "0-1"]
[WhiteElo "2067"]
[BlackElo "2186"]
[PlyCount "50"]
[EventDate "2003.11.21"]
[EventType "swiss"]
[EventRounds "9"]
[EventCountry "ESP"]
[SourceTitle "CBM 097 Extra"]
[Source "ChessBase"]
[SourceDate "2004.01.13"]
[SourceVersion "1"]
[SourceVersionDate "2004.01.13"]
[SourceQuality "1"]

1. c4 d6 2. Nc3 g6 3. g3 Bg7 4. Bg2 e5 5. d3 Ne7 6. e3 0-0 7. Nge2 c6 8. 0-0 Be6 9. Bd2 a5 10. f4 Na6 11. b3 Bg4 12. h3 Bxe2 13. Qxe2 exf4 14. gxf4 Nf5 15. Bf3 Re8 16. Rae1 Nd4 17. Qf2 Nxf3+ 18. Qxf3 f5 19. d4 Rb8 20. d5 Nb4 21. Ne2 c5 22. a4 b6 23. Nc3 Nc2 24. Nb5 Rb7 25. Rc1 Nb4 0-1

[Event "Sitges op 26th"]
[Site "Sitges"]
[Date "2000.07.26"]
[Round "6"]
[White "Gabaldon Gomez, Miguel Angel"]
[Black "Vives Font, Daniel"]
[Result "1/2-1/2"]
[WhiteElo "2246"]
[BlackElo "2178"]
[PlyCount "71"]
[EventDate "2000.07.??"]
[EventType "swiss"]
[EventRounds "7"]
[EventCountry "ESP"]
[SourceTitle "EXT 2001"]
[Source "ChessBase"]
[SourceDate "2000.11.22"]
[SourceVersion "1"]
[SourceVersionDate "2000.11.22"]
[SourceQuality "1"]

1. d4 d5 2. Nf3 c6 3. c4 e6 4. cxd5 exd5 5. Nc3 Bd6 6. Bg5 Ne7 7. e3 0-0 8. Bd3 f6 9. Bh4 Bf5 10. Bg3 Bxd3 11. Qxd3 f5 12. Bxd6 Qxd6 13. Ne5 Nd7 14. f4 Nf6 15. 0-0 Ne4 16. Rfc1 Ng6 17. Rab1 a5 18. Na4 Nxe5 19. dxe5 Qh6 20. Nc5 g5 21. g3 Rf7 22. Nxe4 fxe4 23. Qd2 gxf4 24. exf4 Qe6 25. Rc3 b6 26. a3 c5 27. Re3 Qc6 28. Rbe1 a4 29. Qf2 Raf8 30. R3e2 Qe6 31. Qe3 Kh8 32. Qd2 Qc6 33. Qd1 Rg7 34. Kh1 Rgf7 35. Re3 Re7 36. Qd2 1/2-1/2

[Event "Nigran op"]
[Site "Nigran"]
[Date "1997.??.??"]
[Round "5"]
[White "Adla, Diego Gustavo"]
[Black "Gabaldon Gomez, Miguel Angel"]
[Result "1-0"]
[WhiteElo "2445"]
[BlackElo "2250"]
[PlyCount "121"]
[EventDate "1997.??.??"]
[EventType "swiss"]
[EventRounds "9"]
[EventCountry "ESP"]
[SourceTitle "EXT 1999"]
[Source "ChessBase"]
[SourceDate "1998.11.16"]
[SourceVersion "1"]
[SourceVersionDate "1998.11.16"]
[SourceQuality "1"]

1. d4 Nf6 2. c4 g6 3. Nc3 Bg7 4. e4 d6 5. Be2 0-0 6. Nf3 e5 7. 0-0 Nbd7 8. Qc2 c6 9. Rd1 Qe7 10. d5 c5 11. g3 Ne8 12. Nh4 Nc7 13. a3 Nf6 14. b4 b6 15. bxc5 bxc5 16. Rb1 Kh8 17. Bg5 Qd7 18. Rf1 Ng8 19. Nd1 Qe8 20. Bd3 Bh3 21. Re1 Qc8 22. f3 Bd7 23. Bd2 Qa6 24. Nc3 Rab8 25. a4 Ra8 26. Nb5 Ne8 27. f4 Qc8 28. Bc3 a6 29. Na3 Rb8 30. a5 Rxb1 31. Nxb1 f6 32. f5 Ne7 33. Bd2 Rf7 34. Nc3 g5 35. Ng2 Ng8 36. Be2 Nc7 37. Rb1 Na8 38. Kf2 Re7 39. Rb2 Be8 40. Qb1 Ra7 41. Rb8 Qd7 42. Bd1 Qf7 43. Ba4 Bxa4 44. Nxa4 Qc7 45. h4 Bh6 46. hxg5 Bxg5 47. Bxg5 fxg5 48. f6 Qxa5 49. Rxg8+ Kxg8 50. Qb8+ Kf7 51. Qxa7+ Kxf6 52. Ne3 Qd2+ 53. Kf3 h5 54. g4 hxg4+ 55. Nxg4+ Kg6 56. Nf2 g4+ 57. Kg2 g3 58. Kxg3 Qf4+ 59. Kg2 Qg5+ 60. Kf3 Qh5+ 61. Ke3 1-0

[Event "Suances op"]
[Site "Suances"]
[Date "1997.??.??"]
[Round "?"]
[White "Gabaldon Gomez, Miguel Angel"]
[Black "Alvarez, M."]
[Result "1-0"]
[WhiteElo "2250"]
[BlackElo "2030"]
[PlyCount "55"]
[EventDate "1997.??.??"]
[EventType "swiss"]
[EventRounds "9"]
[EventCountry "ESP"]
[SourceTitle "EXT 2002"]
[Source "ChessBase"]
[SourceDate "2001.11.25"]
[SourceVersion "1"]
[SourceVersionDate "2001.11.25"]
[SourceQuality "1"]

1. d4 Nf6 2. Nf3 g6 3. c4 Bg7 4. Nc3 d5 5. cxd5 Nxd5 6. e4 Nxc3 7. bxc3 0-0 8. Be2 c5 9. Rb1 cxd4 10. cxd4 Qa5+ 11. Qd2 Qxd2+ 12. Bxd2 b6 13. Bd3 Rd8 14. Be3 Bg4 15. d5 e6 16. Bc4 Bc3+ 17. Ke2 Nd7 18. Rhc1 Bg7 19. dxe6 fxe6 20. h3 Bxf3+ 21. gxf3 Kf7 22. f4 Ke7 23. f3 Rac8 24. Ba6 Rxc1 25. Rxc1 Nb8 26. Bb5 a6 27. Rc7+ Kf8 28. Bc4 1-0

[Event "Nigran op"]
[Site "Nigran"]
[Date "1997.??.??"]
[Round "4"]
[White "Garcia Carbo, Marcial"]
[Black "Gabaldon Gomez, Miguel Angel"]
[Result "1-0"]
[WhiteElo "2300"]
[BlackElo "2250"]
[PlyCount "81"]
[EventDate "1997.??.??"]
[EventType "swiss"]
[EventRounds "9"]
[EventCountry "ESP"]
[SourceTitle "EXT 1999"]
[Source "ChessBase"]
[SourceDate "1998.11.16"]
[SourceVersion "1"]
[SourceVersionDate "1998.11.16"]
[SourceQuality "1"]

1. d4 Nf6 2. c4 e6 3. Nf3 Bb4+ 4. Bd2 a5 5. g3 d6 6. Bg2 Nbd7 7. 0-0 e5 8. Bg5 exd4 9. Nxd4 0-0 10. Qc2 h6 11. Bf4 Ne5 12. Rd1 Ng6 13. Bd2 Re8 14. Bc3 c6 15. e4 Qe7 16. Nd2 Bxc3 17. Qxc3 Qe5 18. Re1 Bd7 19. Rad1 Qc5 20. Nf1 Re7 21. Qc2 a4 22. Ne3 Rae8 23. Ndf5 Bxf5 24. Nxf5 Re6 25. Nd4 Re5 26. h3 Nf8 27. f4 R5e7 28. Kh1 g6 29. Qd3 Qa5 30. Nc2 Re6 31. b4 Qb6 32. b5 N8d7 33. Nd4 Nc5 34. Qb1 R6e7 35. bxc6 Qxb1 36. Rxb1 bxc6 37. Nxc6 Rc7 38. e5 Nd3 39. Re3 Nf2+ 40. Kg1 N2e4 41. exf6 1-0

[Event "Nigran op"]
[Site "Nigran"]
[Date "1997.??.??"]
[Round "3"]
[White "Gonzalez Diaz, Julio"]
[Black "Gabaldon Gomez, Miguel Angel"]
[Result "0-1"]
[WhiteElo "2125"]
[BlackElo "2250"]
[PlyCount "80"]
[EventDate "1997.??.??"]
[EventType "swiss"]
[EventRounds "9"]
[EventCountry "ESP"]
[SourceTitle "EXT 1999"]
[Source "ChessBase"]
[SourceDate "1998.11.16"]
[SourceVersion "1"]
[SourceVersionDate "1998.11.16"]
[SourceQuality "1"]

1. e4 c5 2. Nc3 Nc6 3. Nge2 e6 4. d4 cxd4 5. Nxd4 Nf6 6. Ndb5 d6 7. Bf4 e5 8. Bg5 a6 9. Na3 Be7 10. Bxf6 gxf6 11. Nd5 b5 12. c3 f5 13. Nxb5 axb5 14. Bxb5 Bd7 15. exf5 Nb8 16. f6 Bxf6 17. Qf3 Bg7 18. Bxd7+ Nxd7 19. Nc7+ Qxc7 20. Qxa8+ Ke7 21. Qf3 Rb8 22. 0-0 Rxb2 23. Rfb1 Qb6 24. Qf5 Nc5 25. a4 e4 26. Rc1 Nb3 27. a5 Qb8 28. Qxe4+ Kf8 29. Rab1 Nxc1 30. Rxb2 Qxb2 31. Qa8+ Ke7 32. a6 Kd7 33. a7 Nd3 34. Qc8+ Kxc8 35. a8Q+ Kc7 36. Qa7+ Qb7 37. Qa2 Kb8 38. h3 Qb2 39. Qxf7 Qc1+ 40. Kh2 Qf4+ 0-1

[Event "Nigran op"]
[Site "Nigran"]
[Date "1997.??.??"]
[Round "6"]
[White "Servat, Roberto"]
[Black "Gabaldon Gomez, Miguel Angel"]
[Result "1-0"]
[WhiteElo "2460"]
[BlackElo "2250"]
[PlyCount "53"]
[EventDate "1997.??.??"]
[EventType "swiss"]
[EventRounds "9"]
[EventCountry "ESP"]
[SourceTitle "EXT 1999"]
[Source "ChessBase"]
[SourceDate "1998.11.16"]
[SourceVersion "1"]
[SourceVersionDate "1998.11.16"]
[SourceQuality "1"]

1. e4 c5 2. Nf3 e6 3. d4 cxd4 4. Nxd4 Nc6 5. Nc3 d6 6. Be2 Nf6 7. 0-0 Be7 8. Be3 0-0 9. f4 e5 10. Nb3 exf4 11. Bxf4 Be6 12. Kh1 d5 13. e5 Nd7 14. Nxd5 Ndxe5 15. c4 Rc8 16. Qd2 Ng6 17. Be3 Bxd5 18. cxd5 Nb4 19. Bxa7 Rc2 20. Qd1 Rxb2 21. Bd4 Rc2 22. a3 Qxd5 23. Rb1 Nh4 24. Bf3 Nxf3 25. Rxf3 Nc6 26. Qxc2 Nxd4 27. Qd1 1-0

[Event "Asturias-Cantabria m"]
[Site "Spain"]
[Date "1993.??.??"]
[Round "1"]
[White "Roiz Baztan, David"]
[Black "Gabaldon Gomez, Miguel Angel"]
[Result "1-0"]
[WhiteElo "2360"]
[BlackElo "2250"]
[PlyCount "81"]
[EventDate "1993.??.??"]
[EventType "match"]
[EventRounds "2"]
[EventCountry "ESP"]
[SourceTitle "EXT 2004"]
[Source "ChessBase"]
[SourceDate "2003.11.25"]
[SourceVersion "1"]
[SourceVersionDate "2003.11.25"]
[SourceQuality "1"]

1. e4 c5 2. Nf3 e6 3. d4 cxd4 4. Nxd4 d6 5. Nc3 Nc6 6. Be3 Nf6 7. f3 Be7 8. Qd2 0-0 9. 0-0-0 a6 10. g4 Nxd4 11. Bxd4 b5 12. h4 Nd7 13. Qf2 Qc7 14. Kb1 Bb7 15. g5 b4 16. Ne2 d5 17. Ng3 Bc5 18. exd5 Bxd5 19. Nh5 Bxd4 20. Qxd4 Qe5 21. Qg4 Rfc8 22. Bd3 g6 23. Nf4 Nc5 24. Rhe1 Qg7 25. Nxd5 exd5 26. Bf1 Re8 27. Rxe8+ Rxe8 28. Qxb4 Ne6 29. Bxa6 Qe5 30. a4 Rb8 31. Bb5 d4 32. Qe1 Qc5 33. Qe4 Rd8 34. Re1 Qb4 35. Rd1 Qc5 36. b3 Qb6 37. Qc6 Qa5 38. Bc4 Qc3 39. Bd5 Nc5 40. Bc4 Rb8 41. Qxc5 1-0